000 01650aam a2200325 a 4500
999 _c323017
_d323017
003 BLK
005 20250722132133.0
008 181011b bu ||||| |||| 00| 0 bu d
020 _a978-619-195-099-7
040 _aBLK
041 _aBUL
_cBUL
080 _aВъзпитание. Образование. Просвета. Организация на свободното време. Вж и 003;021. 3;159. 9;612;613;727
_b37
_z37
100 _aСелдин, Тим
_eпърви автор
_91299
139 _aСелдин, Тим
_bС 31
245 _aКак да отгледате удивително дете
_bМетодът "Монтесори"
_cТим Селдин
260 _bКнигомания
_c2016
_aСофия
300 _a192 с.
_bс цв. ил., портр.
_c24 см
380 _a3
500 _aИмето на прев. отбелязано на гърба на загл. с. - Азб. показалец. - Авт. е председател на фондация "Монтесори", САЩ
650 0 _9265379
_aЧетене - методика на преподаването
650 7 _9167591
_aПредучилищно възпитание - съдържание и форми
650 7 _9153269
_aДеца, предучилищна възраст - отглеждане и психология
653 7 _9190909
_aметод на М. Монтесори
653 7 _9184832
_aдетска психология
653 7 _9183705
_aвъзпитание
700 _9966
_aМис Ина
_eпрев.
942 _cKNG
_2udc
_n0
_018
999 _d323017
944 _k30545
_lНора Радева